| 000 | 02051cam a22004454i 4500 | ||
|---|---|---|---|
| 003 | PE-LiUPU | ||
| 005 | 20250731184543.0 | ||
| 008 | 150623s r 000 0 d | ||
| 035 | _a(Sirsi) a27172 | ||
| 040 |
_aPE-LiUPU _bspa _cPE-LiUPU _erda |
||
| 082 | 0 | 4 |
_a985.094 _bP45I _221 |
| 110 | 2 | _aPerú. Congreso de la República | |
| 245 | 1 | 0 |
_aInforme Final : _bComisión investigadora de delitos económicos y financieros 1990-2001 / _cPerú. Congreso de la República. |
| 264 | 1 |
_aLima, Perú : _bCongreso de la República del Perú, _c2003. |
|
| 300 |
_a126 páginas : _bilustraciones, cuadros, tablas, fotos ; _c27 cm. |
||
| 336 |
_atext _2rdacontent |
||
| 337 |
_aunmediated _2rdamedia |
||
| 338 |
_avolume _2rdacarrier |
||
| 505 | 0 | _aPrivatización de empresas públicas. Operaciones de salvataje bancario y liquidación de la banca de fomento. Las licitaciones y las adquisiciones con recursos públicos. La corrupción de los noventa en las instituciones de control, regulación y fiscalización. De las denuncias efectuadas por esta comisión. Contexto político. Conclusiones. Recomendaciones generales. | |
| 526 | _aP136 | ||
| 526 | _aP135 | ||
| 526 | _aP134 | ||
| 526 | _aP133 | ||
| 526 | _aP144 | ||
| 526 | _aP143 | ||
| 526 | _aP87 | ||
| 526 | _aP35 | ||
| 526 | _aP20 | ||
| 526 | _aP14 | ||
| 526 | _aP10 | ||
| 526 | _aP06 | ||
| 600 | 1 |
_aFujimori Fujimori, Alberto. _d1938 _xDelitos económicos _vInformes |
|
| 600 | 1 |
_aMontesinos Torres, Vladimiro. _d1945 _xCorrupción política _y1990-2000 |
|
| 651 |
_aPerú _xGobierno _y1990-2001 _xDelitos económicos _vInformes. |
||
| 942 |
_2ddc _cBOOK |
||
| 949 |
_a985.094 P45I _wDEWEY _c1 _i52453 _lCCODEBUL1 _mBUL _p5.00 _r0 _sY _tBOOK _u2015-06-24 _xBIBLIOTECA _zUNKNOWN _0COMPRA _o.STAFF. Colección General |
||
| 596 | _a1 | ||
| 999 |
_a985.094 P45I _wDEWEY _c34284 _i52453 _d34284 _e2018-3-19 _f2021-11-8 _g5 _lCCODEBUL1 _mBUL _n1 _p5.00 _r0 _sY _tBOOK _u2015-6-24 _xBIBLIOTECA _zUNKNOWN _0COMPRA _o.STAFF. Colección General |
||
| 980 |
_81 _gALBERTO SANCHEZ Responsable de Automatización |
||